Vazhithirivukal (A P J Abdulkalam)(വഴിത്തിരിവുകൾ) (Record no. 115241)

MARC details
000 -LEADER
fixed length control field 00516 a2200169 4500
005 - DATE AND TIME OF LATEST TRANSACTION
control field 20260424144751.0
008 - FIXED-LENGTH DATA ELEMENTS--GENERAL INFORMATION
fixed length control field 260420b |||||||| |||| 00| 0 eng d
020 ## - INTERNATIONAL STANDARD BOOK NUMBER
International Standard Book Number 9788126439171
080 ## - UNIVERSAL DECIMAL CLASSIFICATION NUMBER
Universal Decimal Classification number 92(ABD)=M
Item number ABD/V
100 ## - MAIN ENTRY--PERSONAL NAME
Personal name A. P. J. Abdul Kalam
245 ## - TITLE STATEMENT
Title Vazhithirivukal (A P J Abdulkalam)(വഴിത്തിരിവുകൾ)
260 ## - PUBLICATION, DISTRIBUTION, ETC. (IMPRINT)
Name of publisher, distributor, etc D C books.
Place of publication, distribution, etc Kottayam.
Date of publication, distribution, etc 2024.
300 ## - PHYSICAL DESCRIPTION
Extent 176p.
653 ## - INDEX TERM--UNCONTROLLED
Uncontrolled term Autobiography-Malayalam Translation
700 ## - ADDED ENTRY--PERSONAL NAME
Personal name Robi Augustine Mundackal;tr.by
942 ## - ADDED ENTRY ELEMENTS (KOHA)
item type Books
Holdings
Lost status Source of classification or shelving scheme Not for loan Home library Current library Date acquired Cost, normal purchase price Total Checkouts Full call number Barcode Date last seen Cost, replacement price Price effective from Koha item type Public note
  Universal Decimal Classification Not For Loan University Library University Library 27/02/2026 146.67   92(ABD)=M ABD/V 00097320 27/02/2026 220.00 27/02/2026 Books Processing
University Library, CUSAT